[Event "BI-2012-P-00030"]
[Site "LSS email"]
[Date "2012.04.20"]
[Round "?"]
[White "Paluch, Andrzej"]
[Black "Needham, Mark"]
[Result "1-0"]
[WhiteElo "1842"]
[BlackElo "1506"]
[PlyCount "121"]
[EventDate "2012.04.22"]
[EventType "tourn (corr)"]
[EventRounds "10"]
[EventCountry "GER"]
[SourceTitle "Telechess CBM 163"]
[Source "ChessBase"]
[SourceDate "2014.11.11"]
[SourceVersion "2"]
[SourceVersionDate "2014.11.11"]
[SourceQuality "1"]

1. d4 Nf6 2. c4 e6 3. Nc3 Bb4 4. e3 0-0 5. Nge2 d5 6. a3 Be7 7. cxd5 Nxd5 8. g3 b6 9. Bg2 Bb7 10. Nxd5 exd5 11. Nc3 Qd7 12. 0-0 f5 13. b4 c6 14. Qb3 Na6 15. b5 Nc7 16. bxc6 Bxc6 17. a4 Rad8 18. Ba3 Bxa3 19. Rxa3 Ne6 20. Ra2 Nc7 21. Rc1 Ne6 22. a5 b5 23. Rac2 a6 24. Na2 Bb7 25. Nb4 Rf6 26. Qb1 Kh8 27. Nc6 Re8 28. Qa2 Qd6 29. Qxd5 Qf8 30. Qb3 Qg8 31. Bd5 Ba8 32. h4 Bb7 33. Ne5 Bxd5 34. Qxd5 Nd8 35. Qd7 Rfe6 36. Rc8 R6e7 37. Qxf5 Re6 38. R1c7 b4 39. Qb1 Rf6 40. Qxb4 Qa2 41. Nd3 Qe6 42. Nf4 Qg8 43. d5 Rf7 44. Rxf7 Nxf7 45. Rxe8 Qxe8 46. Qb7 Nd6 47. Qxa6 Qb8 48. Qb6 Qxb6 49. axb6 Kg8 50. e4 Nb7 51. Kg2 Kf7 52. e5 Ke7 53. Nh5 Kf8 54. Kf3 h6 55. Ke4 g6 56. Nf4 g5 57. Ne6+ Ke7 58. hxg5 hxg5 59. Nxg5 Kd7 60. f4 Na5 61. f5 1-0

[Event "LSS No Engine Cup 57 Preliminary 1"]
[Site "LSS email"]
[Date "2012.01.15"]
[Round "?"]
[White "Needham, Mark"]
[Black "Jostov, Keylah"]
[Result "1-0"]
[WhiteElo "1511"]
[BlackElo "1077"]
[PlyCount "69"]
[EventDate "2012.01.16"]
[EventType "tourn (corr)"]
[EventRounds "6"]
[EventCountry "GER"]
[SourceTitle "Corr 2015"]
[Source "ChessBase"]
[SourceDate "2015.07.17"]
[SourceVersion "1"]
[SourceVersionDate "2015.07.17"]
[SourceQuality "1"]

1. d4 d5 2. c4 c6 3. Nc3 Nf6 4. Nf3 e6 5. e3 Nbd7 6. Bd2 Bd6 7. Bd3 0-0 8. 0-0 dxc4 9. Bxc4 e5 10. Qc2 Re8 11. Ng5 Rf8 12. Nf3 Qe7 13. Rac1 h6 14. Nh4 Nb6 15. Ng6 Qc7 16. dxe5 Nxc4 17. exd6 Qxd6 18. Nxf8 Qxd2 19. Qxd2 Nxd2 20. Rfd1 Nc4 21. Rd8 g5 22. Na4 b5 23. Ne6+ Kh7 24. Nc7 bxa4 25. Nxa8 Be6 26. Nc7 Nxb2 27. Nxe6 fxe6 28. Rxc6 Kg6 29. Rdd6 Kf5 30. Rxe6 Ng4 31. h3 Ne5 32. Rf6+ Ke4 33. Rcd6 Ned3 34. Rfe6+ Kf5 35. g4# 1-0

[Event "BI-2011-P-00009"]
[Site "LSS email"]
[Date "2011.04.17"]
[Round "?"]
[White "Lanin, Boris Aleksandrovic"]
[Black "Needham, Mark"]
[Result "1-0"]
[WhiteElo "1917"]
[BlackElo "1488"]
[PlyCount "145"]
[EventDate "2011.04.20"]
[EventType "tourn (corr)"]
[EventRounds "10"]
[EventCountry "GER"]
[SourceTitle "Telechess CBM 155"]
[Source "ChessBase"]
[SourceDate "2013.07.16"]
[SourceVersion "1"]
[SourceVersionDate "2013.07.16"]
[SourceQuality "1"]

1. d4 d5 2. Nf3 Nf6 3. e3 c5 4. c3 e6 5. Bd3 Be7 6. Nbd2 0-0 7. 0-0 Nc6 8. Qe2 Bd7 9. Ne5 a6 10. f4 Qc7 11. Rf3 b5 12. Rh3 h6 13. g4 Nxe5 14. dxe5 Nh7 15. g5 Rfb8 16. gxh6 g6 17. Qg2 Kh8 18. Nf3 a5 19. Rg3 Rg8 20. h4 c4 21. Bc2 a4 22. a3 Nf8 23. h5 Rd8 24. Bd2 Qb6 25. Kf2 Be8 26. Ke2 Ra8 27. Rg1 Rd8 28. Nd4 Bc5 29. Qh3 Kh7 30. hxg6+ fxg6 31. Be1 Rd7 32. Rg4 Ra7 33. Bh4 Bxd4 34. exd4 b4 35. axb4 a3 36. bxa3 Rxa3 37. Qe3 Ra2 38. Qd2 Qa7 39. Ke3 Qa3 40. b5 Rb2 41. Be7 Qxe7 42. Bxg6+ Rxg6 43. Qxb2 Qf7 44. Qb1 Kxh6 45. b6 Bc6 46. Rh4+ Kg7 47. Rh5 Bb7 48. Rxg6+ Nxg6 49. f5 exf5 50. Qxf5 Qxf5 51. Rxf5 Ne7 52. Rf6 Ba8 53. Kf4 Nc8 54. Kg5 Bb7 55. e6 Nd6 56. Rf4 Bc6 57. e7 Nf7+ 58. Kh4 Nd6 59. Rf8 Kg6 60. Kg4 Nb7 61. Kf4 Bb5 62. Ke5 Bd7 63. e8Q+ Bxe8 64. Rxe8 Na5 65. Ra8 Nb7 66. Ra7 Nd8 67. b7 Kg5 68. b8Q Nc6+ 69. Kxd5 Nxb8 70. Kd6 Kf4 71. Kc7 Ke3 72. Kxb8 Kd3 73. d5 1-0

[Event "BI-2011-P-00009"]
[Site "LSS email"]
[Date "2011.04.17"]
[Round "?"]
[White "Needham, Mark"]
[Black "O'Brien, Glenn"]
[Result "1-0"]
[WhiteElo "1488"]
[BlackElo "1272"]
[PlyCount "79"]
[EventDate "2011.04.20"]
[EventType "tourn (corr)"]
[EventRounds "10"]
[EventCountry "GER"]
[SourceTitle "Telechess CBM 157"]
[Source "ChessBase"]
[SourceDate "2013.11.12"]
[SourceVersion "1"]
[SourceVersionDate "2013.11.12"]
[SourceQuality "1"]

1. e4 e5 2. Nf3 Nc6 3. Nc3 Nf6 4. d4 exd4 5. Nxd4 Bb4 6. Nxc6 bxc6 7. Bd3 d5 8. exd5 Qe7+ 9. Qe2 Qxe2+ 10. Kxe2 cxd5 11. Nb5 Ba5 12. Bf4 Kd8 13. Rhb1 Bd7 14. Kf1 Re8 15. a4 a6 16. b4 Nh5 17. Bg5+ f6 18. Bd2 Bxb4 19. Nxc7 Kxc7 20. Rxb4 f5 21. a5 Nf6 22. Bf4+ Kd8 23. Rb6 Bc8 24. Rd1 Ke7 25. c4 h6 26. Bd6+ Kd8 27. cxd5 Ne4 28. Bb4 Re5 29. f3 Rxd5 30. fxe4 fxe4 31. Bc2 Rxd1+ 32. Bxd1 Bd7 33. Be2 Bf5 34. Bxa6 Kc7 35. Ke2 g6 36. Bb7 Rd8 37. Bc5 e3 38. a6 Rd2+ 39. Kxe3 Rc2 40. Rc6+ 1-0

[Event "BI-2011-P-00009"]
[Site "LSS email"]
[Date "2011.04.17"]
[Round "?"]
[White "Needham, Mark"]
[Black "Potapov, Evgeniy M"]
[Result "1/2-1/2"]
[WhiteElo "1488"]
[BlackElo "1725"]
[PlyCount "105"]
[EventDate "2011.04.20"]
[EventType "tourn (corr)"]
[EventRounds "10"]
[EventCountry "GER"]
[SourceTitle "Telechess CBM 155"]
[Source "ChessBase"]
[SourceDate "2013.07.16"]
[SourceVersion "1"]
[SourceVersionDate "2013.07.16"]
[SourceQuality "1"]

1. e4 c5 2. Nc3 g6 3. Nf3 Nc6 4. d4 cxd4 5. Nxd4 Bg7 6. Be3 Nf6 7. Nxc6 bxc6 8. e5 Ng8 9. f4 Nh6 10. Qf3 0-0 11. 0-0-0 d6 12. Qxc6 Bd7 13. Qb7 Qe8 14. Bxa7 Bc6 15. Qc7 dxe5 16. fxe5 Rc8 17. Qa5 Ra8 18. Qc5 Ng4 19. Bb6 Nxe5 20. Bc7 Ng4 21. Re1 Bxc3 22. bxc3 Rxa2 23. Bc4 Ra4 24. Rxe7 Qa8 25. Rhe1 Ra1+ 26. Kd2 Rxe1 27. Kxe1 Bxg2 28. Bd6 Nh6 29. Rc7 Rd8 30. Re7 Qa1+ 31. Kd2 Bf3 32. Re1 Qa8 33. Qc7 Bg4 34. Re7 Rf8 35. Bc5 Qf3 36. Re1 Rc8 37. Bd4 Qd1+ 38. Rxd1 Rxc7 39. Re1 Kf8 40. Bb5 Be6 41. c4 Nf5 42. Be5 Rc5 43. Kc3 Rc8 44. Kb4 Rd8 45. Bf6 Ne7 46. Bg5 Rc8 47. Bf4 Kg7 48. Ra1 Kf6 49. Bd6 Nf5 50. Rf1 Kg7 51. Bc5 g5 52. Rg1 Kg6 53. Rd1 1/2-1/2

[Event "BI-2011-P-00009"]
[Site "LSS email"]
[Date "2011.04.17"]
[Round "?"]
[White "Needham, Mark"]
[Black "Vasquez Nigro, Dario Javier"]
[Result "0-1"]
[WhiteElo "1488"]
[BlackElo "2111"]
[PlyCount "146"]
[EventDate "2011.04.20"]
[EventType "tourn (corr)"]
[EventRounds "10"]
[EventCountry "GER"]
[SourceTitle "Telechess CBM 155"]
[Source "ChessBase"]
[SourceDate "2013.07.16"]
[SourceVersion "1"]
[SourceVersionDate "2013.07.16"]
[SourceQuality "1"]

1. e4 e5 2. Nf3 Nc6 3. Nc3 Nf6 4. d4 exd4 5. Nxd4 Bb4 6. Nxc6 bxc6 7. Bd3 d5 8. exd5 cxd5 9. Qe2+ Be7 10. 0-0 0-0 11. Re1 Be6 12. Nb5 c5 13. c4 Qd7 14. Bf4 Rac8 15. Nc3 d4 16. Ne4 Bf5 17. Ng3 Bxd3 18. Qxd3 Rfe8 19. Rad1 Bd6 20. Bxd6 Qxd6 21. b4 cxb4 22. Rxe8+ Rxe8 23. h3 g6 24. Kf1 Rd8 25. Ne2 Qe5 26. Nxd4 a5 27. Kg1 a4 28. g3 b3 29. axb3 axb3 30. Qe3 Qc5 31. Kh2 Rd6 32. Nf5 Qxe3 33. Nxe3 Ne4 34. Rb1 Nd2 35. Rb2 Rd3 36. Kg2 f5 37. h4 Kf7 38. f3 h5 39. Kf2 Ke6 40. g4 hxg4 41. fxg4 fxg4 42. Ke2 Rxe3+ 43. Kxd2 Rh3 44. Rb1 Ke5 45. c5 Kd5 46. c6 Kxc6 47. Rg1 g3 48. Ke2 Kc5 49. Kf3 Rxh4 50. Kxg3 Rb4 51. Kf3 b2 52. Rb1 Kd4 53. Kg4 Kc3+ 54. Kg5 Kc2 55. Rxb2+ Rxb2 56. Kxg6 Rb5 57. Kf6 Kd3 58. Ke6 Kd4 59. Kd6 Rb6+ 60. Kc7 Rh6 61. Kd7 Kd5 62. Ke7 Ra6 63. Kf7 Ke5 64. Kg7 Kf5 65. Kf7 Ra7+ 66. Ke8 Kf6 67. Kd8 Ke6 68. Kc8 Kd6 69. Kb8 Rh7 70. Kc8 Rg7 71. Kb8 Kc6 72. Ka8 Kb6 73. Kb8 Rg8# 0-1

[Event "BI-2011-P-00009"]
[Site "LSS email"]
[Date "2011.04.17"]
[Round "?"]
[White "Tausnev, Bladimir"]
[Black "Needham, Mark"]
[Result "1-0"]
[WhiteElo "1947"]
[BlackElo "1400"]
[PlyCount "87"]
[EventDate "2011.04.20"]
[EventType "tourn (corr)"]
[EventRounds "10"]
[EventCountry "GER"]
[SourceTitle "Corr 2022"]
[Source "ChessBase"]
[SourceDate "2021.10.24"]
[SourceVersion "1"]
[SourceVersionDate "2021.10.24"]
[SourceQuality "1"]

1. e4 e6 2. d4 d5 3. Nc3 Nf6 4. e5 Nfd7 5. f4 c5 6. Nf3 Nc6 7. Be3 Qb6 8. Na4 Qa5+ 9. c3 cxd4 10. b4 Qc7 11. Nxd4 g5 12. Bb5 gxf4 13. Bxf4 h5 14. 0-0 a6 15. Bxc6 bxc6 16. Qc2 Be7 17. c4 dxc4 18. Rad1 a5 19. b5 cxb5 20. Nxb5 Qb7 21. Qxc4 Rb8 22. Rb1 Kf8 23. Be3 Qd5 24. Qf4 Rh7 25. Nc7 Qxa2 26. Nc3 Qc2 27. Nxe6+ Kg8 28. Rxb8 Nxb8 29. Nd5 Bxe6 30. Nxe7+ Kf8 31. Qd4 Qc7 32. Bg5 Ke8 33. Rc1 Qd8 34. Nd5 Qxd5 35. Rc8+ Kd7 36. Rd8+ Kc6 37. Rxd5 Bxd5 38. Qa4+ Kb6 39. Be3+ Kb7 40. Qb5+ Kc8 41. Qxd5 Rg7 42. Qc5+ Kb7 43. Qe7+ Kc6 44. Qf6+ 1-0